ბათუმის შოთა რუსთაველის სახელმწიფო უნივერსიტეტის ბიბლიოთეკა

ზოგადი პათოლოგიის საფუძვლები: ჰისტოპათოლოგია, ციტოპათოლოგია, მოლეკულური პათოლოგია : (ბიბ.ჩანაწერი № 53517)

000 -ლიდერი
ფიქსირებული სიგრძის საკონტროლო ველი 01543nam a2200313Ia 4500
001 - საკონტროლო ნომერი
საკონტროლო ველი 20563
003 - საკონტროლო ნომრის იდენტიფიკატორი
საკონტროლო ველი GE_BSU
005 - ბოლო ოპერაციის თარიღი და დრო
საკონტროლო ველი 20210220224042.0
008 - ფიქსირებული სიგრძის მონაცემთა ელემენტები - ზოგადი ინფორმაცია
ფიქსირებული სიგრძის საკონტროლო ველი 181216s2010||||ge |||||||||||||| ||geo||
020 ## - წიგნის საერთაშორისო სტანდარტული ნომერი
International Standard Book Number 99940-0-503-0
040 ## - კატალოგიზაციის წყარო
Transcribing agency GE_BSU
041 ## - ენის კოდი
Language code of text/sound track or separate title geo
080 ## - უნივერსალური ათობითი კლასიფიკაციის ინდექსი
Universal Decimal Classification number 616.1/.9 ბ-97
100 ## - მთავარი ჩანაწერი - პიროვნების სახელი
Personal name ბურკაძე, გ.
9 (RLIN) 10167
245 ## - ცნობა სათაურის შესახებ
Title ზოგადი პათოლოგიის საფუძვლები: ჰისტოპათოლოგია, ციტოპათოლოგია, მოლეკულური პათოლოგია :
Remainder of title სახელმძღვ. /
Statement of responsibility, etc გ. ბურკაძე, გ. ტურაშვილი ; რედ. რამაზ ჩიხლაძე.
264 ## - წარმოების, გამოცემის, დისტრიბუციის და სხვა ცნობები
გამოცემის, წარმოების, დისტრიბუციის... ადგილი თბილისი :
გამოცემის, წარმოების, დისტრიბუციის... სახელწოდება ზეკარი,
გამოცემის, წარმოების, დისტრიბუციის... თარიღი 2010.
300 ## - ფიზიკური აღწერა
Extent 375 გვ. :
Other physical details ცხრ., ილ. ;
Dimensions 29 სმ.
500 ## - ზოგადი შენიშვნა
General note ანბ. საძიებელი : გვ. 372-375
504 ## - BIBLIOGRAPHY, ETC. NOTE
Bibliography, etc ბიბლიოგრ. : გვ. 363-364
653 ## - INDEX TERM--UNCONTROLLED
Uncontrolled term ზოგადი პათოლოგიის საფუძვლები
653 ## - INDEX TERM--UNCONTROLLED
Uncontrolled term ჰისტოპათოლოგია
653 ## - INDEX TERM--UNCONTROLLED
Uncontrolled term ციტოპათოლოგია
653 ## - INDEX TERM--UNCONTROLLED
Uncontrolled term მოლეკულური პათოლოგია
653 ## - INDEX TERM--UNCONTROLLED
Uncontrolled term მედიცინა
700 ## - ADDED ENTRY--PERSONAL NAME
Personal name ტურაშვილი, გ.
Relator term ავტორი
9 (RLIN) 10168
700 ## - ADDED ENTRY--PERSONAL NAME
Personal name ჩიხლაძე, რამაზ
Relator term რედაქტორი
9 (RLIN) 3256
942 ## - ADDED ENTRY ELEMENTS (KOHA)
Koha item type წიგნი
Source of classification or shelving scheme
ეგზემპლარები
ჩამოწერის სტატუსი დაკარგული ეგზემპლარის სტატუსი კლასიფიკაციის წყარო ან თაროზე გაწყობის სქემა დაზიანების სტატუსი არ გაიცემა მუდმივი მდებარეობა (დაცვის ადგილი) ამჟამინდელი ადგილსამყოფელი თაროზე განთავსების ადგილი შეძენის თარიღი ღირებულება, შესყიდვის ნორმალური ფასი სრული შენახვის შიფრი შტრიხკოდი ბოლო ოპერაციის თარიღი ეგზემპლარის მიმდევრობითი ნომერი (კეტერი?) ფასის ძალაში შესვლის თარიღი ეგზემპლარის სახეობა საჯარო შენიშვნა
          ბათუმის შოთა რუსთაველის სახელმწიფო უნივერსიტეტის მთავარი ბიბლიოთეკა ბათუმის შოთა რუსთაველის სახელმწიფო უნივერსიტეტის მთავარი ბიბლიოთეკა წიგნსაცავი 2018-12-17 29.20 616.1/.9 ბ-97 53758 2018-12-17 53758 2018-12-17 წიგნი 29.20 ლ.
          ბათუმის შოთა რუსთაველის სახელმწიფო უნივერსიტეტის მთავარი ბიბლიოთეკა ბათუმის შოთა რუსთაველის სახელმწიფო უნივერსიტეტის მთავარი ბიბლიოთეკა წიგნსაცავი 2018-12-17 29.20 616.1/.9 ბ-97 53759 2018-12-17 53759 2018-12-17 წიგნი 29.20 ლ.
          ბათუმის შოთა რუსთაველის სახელმწიფო უნივერსიტეტის მთავარი ბიბლიოთეკა ბათუმის შოთა რუსთაველის სახელმწიფო უნივერსიტეტის მთავარი ბიბლიოთეკა წიგნის კალათა 2018-12-17 29.20 616.1/.9 ბ-97 53760 2018-12-17 53760 2018-12-17 წიგნი 29.20 ლ.
          ბათუმის შოთა რუსთაველის სახელმწიფო უნივერსიტეტის მთავარი ბიბლიოთეკა ბათუმის შოთა რუსთაველის სახელმწიფო უნივერსიტეტის მთავარი ბიბლიოთეკა წიგნსაცავი 2018-12-17 29.20 616.1/.9 ბ-97 53761 2018-12-17 53761 2018-12-17 წიგნი 29.20 ლ.
          ბათუმის შოთა რუსთაველის სახელმწიფო უნივერსიტეტის მთავარი ბიბლიოთეკა ბათუმის შოთა რუსთაველის სახელმწიფო უნივერსიტეტის მთავარი ბიბლიოთეკა წიგნსაცავი 2018-12-17 29.20 616.1/.9 ბ-97 53762 2018-12-17 53762 2018-12-17 წიგნი 29.20 ლ.
          ბათუმის შოთა რუსთაველის სახელმწიფო უნივერსიტეტის მთავარი ბიბლიოთეკა ბათუმის შოთა რუსთაველის სახელმწიფო უნივერსიტეტის მთავარი ბიბლიოთეკა წიგნსაცავი 2018-12-17 29.20 616.1/.9 ბ-97 53763 2018-12-17 53763 2018-12-17 წიგნი 29.20 ლ.
          ბათუმის შოთა რუსთაველის სახელმწიფო უნივერსიტეტის მთავარი ბიბლიოთეკა ბათუმის შოთა რუსთაველის სახელმწიფო უნივერსიტეტის მთავარი ბიბლიოთეკა წიგნსაცავი 2018-12-17 29.20 616.1/.9 ბ-97 53764 2018-12-17 53764 2018-12-17 წიგნი 29.20 ლ.
          ბათუმის შოთა რუსთაველის სახელმწიფო უნივერსიტეტის მთავარი ბიბლიოთეკა ბათუმის შოთა რუსთაველის სახელმწიფო უნივერსიტეტის მთავარი ბიბლიოთეკა წიგნსაცავი 2018-12-17 29.20 616.1/.9 ბ-97 53765 2018-12-17 53765 2018-12-17 წიგნი 29.20 ლ.
          ბათუმის შოთა რუსთაველის სახელმწიფო უნივერსიტეტის მთავარი ბიბლიოთეკა ბათუმის შოთა რუსთაველის სახელმწიფო უნივერსიტეტის მთავარი ბიბლიოთეკა წიგნსაცავი 2018-12-17 29.20 616.1/.9 ბ-97 53766 2018-12-17 53766 2018-12-17 წიგნი 29.20 ლ.
          ბათუმის შოთა რუსთაველის სახელმწიფო უნივერსიტეტის მთავარი ბიბლიოთეკა ბათუმის შოთა რუსთაველის სახელმწიფო უნივერსიტეტის მთავარი ბიბლიოთეკა წიგნსაცავი 2018-12-17 29.20 616.1/.9 ბ-97 53767 2018-12-17 53767 2018-12-17 წიგნი 29.20 ლ.